The 10 most foul-mouthed actors - Statistics

General Stats
  • This quiz has been taken 41 times
  • The average score is 7 of 10
Answer Stats
Hint Answer % Correct
The Wolf of Wall Street / Catch Me If You Can Leonardo DiCaprio
95%
Scarface / The Irishman Al Pacino
92%
Glass / Pulp Fiction Samuel L. Jackson
92%
A Star Is Born / The Hangover Bradley Cooper
86%
Big Daddy / Grown Ups Adam Sandler
78%
21 Jump Street / Superbad Jonah Hill
70%
Monster’s Ball / Sling Blade Billy Bob Thornton
57%
American Gangster / Inside Man Denzel Washington
43%
Pineapple Express / Sausage Party Seth Rogen
43%
This Is The End / Alien: Covenant Danny McBride
24%
No matching quizzes found
Score Distribution
Percent of People with Each Score
Percentile by Number Answered
Your Score History
You have not taken this quiz